Sławni ludzie - Francja, Monako i państwa Beneluksu - Statystyki

Ogólne statystyki
  • Ten quiz został rozwiązany 17 razy
  • Średni wynik to 6 z 15
Statystyki odpowiedzi
Państwo pochodzenia Opis Sławna osoba % Poprawnych
Francja Cesarz Francuzów urodzony w Korsyce Napoleon Bonaparte
100%
Francja Prezydent Francji Emmanuel Macron
83%
Holandia Twórca popularnej "Gwieździstej nocy: Vincent van Gogh
67%
Francja Autor "Nędznicy" Victor Hugo
58%
Belgia Aktor, który zagrał w m.in. "Uniwersalny żołnierz" czy "Krwawy sport" Jean-Claude Van Damme
50%
Francja Kapitan reprezentacji Francji Kylian Mbappe
50%
Monako Książę Monako Albert II
42%
Francja Jedna z największych gwiazd francuskiego kina a także działaczka na rzecz praw zwierząt Brigitte Bardot
42%
Monako Kierowca Formuły 1. Zwycięzca Grand Prix Monako, Włoch i USA Charles Leclerc
33%
Holandia Kierowca Formuły 1 i jej czterokrotny mistrz Max Verstappen
33%
Belgia Twórca komiksu "Tintin" Herge
17%
Belgia Kolaż. Czterokrotny medalista szosowych mistrzostw świata. W trakcie swojej kariery w latach 1965-1978 był nazywany "Kanibalem" Eddy Merckx
8%
Luksemburg Były przewodniczący Komisji Europejskiej Jean-Claude Juncker
8%
Luksemburg Wielki książę Luksemburga Grand Duke Henri
0%
Holandia DJ. Zremiksował takie utwory jak: "Just be" czy "Kaleidoscope" Tiesto
0%
Nie znaleziono quizów pasujących do podanych kryteriów
Rozkład punktacji
Procent ludzi z każdym wynikiem
Percentyl według liczby udzielonych odpowiedzi
Twoja historia wyników
Nie rozwiązałeś tego quizu